| 000 | 00370nam a2200121Ia 4500 | ||
|---|---|---|---|
| 008 | 191014s9999 xx 000 0 und d | ||
| 082 |
_a361.6 _bMOO |
||
| 100 |
_aAlexander M. Mood, Franklin A. Graybill and Duane C. Boes _923940 |
||
| 245 | 0 | _aIntroduction to the Theory of Statistics | |
| 260 |
_aPakistan _bNational Books Fundation |
||
| 300 | _aXvi,564 | ||
| 942 | _cBK | ||
| 999 |
_c531072 _d531072 |
||